000 01022nam a2200313 a 4500
999 _c126262
_d126262
001 2429816
003 ARRUPE
005 20170309142001.0
008 880224s1986 enka b 001 0 eng
010 _a 87176011
020 _a058258504X (pbk.)
040 _aDLC
_cDLC
_dDLC
043 _afw-----
050 0 0 _aDT475
_b.B63 1986
082 0 0 _a966
_219
100 1 _aBoahen, A. Adu.
_926351
245 1 0 _aTopics in West African history /
_cAdu Boahen with J.F. Ade Ajayi and Michael Tidy.
250 _a2nd ed.
260 _aBurnt Mill, Harlow, Essex, England :
_bLongman Group,
_c1986.
300 _avi, 202 p. :
_bill. ;
_c23 cm.
500 _aIncludes index.
504 _aBibliography: p. 197-198.
651 0 _aAfrica, West
_xHistory
_yTo 1884.
_929270
651 0 _aAfrica, West
_xHistory
_y1884-1960.
_929271
651 0 _aAfrica, West
_xHistory
_y1960-
_929272
700 1 _aAjayi, J. F. Ade.
_93821
700 1 _aTidy, Michael.
_929273
906 _a7
_bcbc
_corignew
_d3
_encip
_f19
_gy-gencatlg
942 _2lcc
_cMONOGRAPH